| 000 | 00710nam a2200217 a 4500 | ||
|---|---|---|---|
| 001 | 000041422 | ||
| 005 | 20201002034857.0 | ||
| 008 | 131003s1994 sp 000 0 spa d | ||
| 020 | _a9788426412386 | ||
| 040 |
_aDO-SdBNP _bspa _cBNPHU |
||
| 082 |
_axxxx _bxxxx |
||
| 100 | 1 |
_aEco, Umberto _d1932 _914106 |
|
| 245 | 1 | 3 |
_aLa isla del día de antes / _cUmberto Eco ; traducción Helena Lozano Miralles. |
| 250 | _a3a ed. | ||
| 260 |
_aBarcelona : _bLumen, _c1994. |
||
| 300 |
_a422 p. ; _c23 cm. |
||
| 490 | 1 | _aPalabra en el tiempo | |
| 500 | _aIncluye datos biográficos del autor en la solapa de la contracubierta | ||
| 700 | 1 |
_aLozano Miralles, Helena, _etr. _968092 |
|
| 830 | 0 |
_aPalabra en el tiempo _921670 |
|
| 999 |
_c40912 _d40912 |
||